000 00835pam a2200253 a 4500
001 3381637
003 NUST - PNEC
005 20170116180956.0
008 880128s1988 caua 001 0 eng
010 _a 88004026
020 _a0805325336
040 _cLIBRARY
082 0 0 _a005.133 ETT
100 1 _aEtter, Delores M.
_q(Delores Maria),
_d1947-
245 1 0 _aProblem solving in PASCAL for engineers and scientists
_cD.M. Etter.
260 _aMenlo Park, Calif. :
_bBenjamin/Cummings,
_cc1988.
300 _axxv, 556, [106] p. :
_bill. ;
_c24 cm.
440 0 _aBenjamin/Cummings series in structured programming
500 _aIncludes index.
650 0 _aPascal (Computer program language)
_xMIS
650 0 _aProblem solving
_xData processing.
906 _a7
_bcbc
_corignew
_d1
_eocip
_f19
_gy-gencatlg
942 _2ddc
_cBK
999 _c66556
_d66556